| 000 | 00748nam a22002057a 4500 | ||
|---|---|---|---|
| 999 |
_c18511 _d18511 |
||
| 003 | AR-CdUCM | ||
| 008 | 190514b ||||| |||| 00| 0 spa d | ||
| 040 |
_aMUNICIPALIDAD PROVINCIAL DEL CUSCO _cBIBLIOTECA MUNICIPAL DEL CUSCO |
||
| 082 |
_a338.54 / _bM27 |
||
| 100 |
_aMandel,Ernest _939140 |
||
| 245 | _aEl dolar y la crisis del Imperialismo / | ||
| 260 |
_aLima : _bPerugraph, _c1975. |
||
| 300 |
_a264 paginas ; _c18 cm. |
||
| 505 | _aContenido :El dolar y la crisis del imperialismo --La crisis del sistema monetario internacional --La inflación en la crisis del capitalismo monopólico ... | ||
| 650 |
_aDolar _938629 |
||
| 650 |
_aMonopolio _92677 |
||
| 650 |
_aImperialismo _93454 |
||
| 942 |
_2ddc _cLIBROS |
||
| 945 |
_arjall _d2019-05-14 |
||